[Event "CAN-op"]
[Site "Edmonton CAN"]
[Date "2009.07.18"]
[Round "8.19"]
[White "Haynes, Nicolas"]
[Black "Yearwood, Roy"]
[Result "1-0"]
[WhiteElo "2290"]
[BlackElo "2079"]
[PlyCount "75"]
[GameId "2160767910156261"]
[EventDate "2009.07.11"]
[EventType "swiss"]
[EventRounds "9"]
[EventCountry "CAN"]

1. d4 g6 2. c4 Bg7 3. Nf3 d6 4. g3 e5 5. Nc3 Nc6 6. d5 Nce7 7. Bg2 h6 8. e4 f5 9. exf5 gxf5 10. Be3 Nf6 11. Qd2 Ng4 12. O-O-O Ng6 13. h4 Bd7 14. h5 Ne7 15. Nh2 Nxe3 16. Qxe3 O-O 17. f4 Qe8 18. fxe5 dxe5 19. Qc5 b6 20. Qa3 Nc8 21. d6 Nxd6 22. Bxa8 Qxa8 23. Nd5 Qd8 24. Kb1 Bc6 25. Qb3 Kh7 26. Nf3 Rf7 27. Rhe1 Bxd5 28. Rxd5 e4 29. c5 bxc5 30. Rxd6 Qf8 31. Rc6 exf3 32. Qxf3 Qb8 33. Qb3 Qxb3 34. axb3 f4 35. gxf4 Rxf4 36. Rxc7 Rf2 37. Rg1 Rxb2+ 38. Kc1 1-0

[Event "CAN-op"]
[Site "Edmonton CAN"]
[Date "2009.07.18"]
[Round "8.20"]
[White "Daswani, Benedict"]
[Black "Henry, Liam"]
[Result "0-1"]
[WhiteElo "2115"]
[BlackElo "2280"]
[PlyCount "80"]
[GameId "2160767910156262"]
[EventDate "2009.07.11"]
[EventType "swiss"]
[EventRounds "9"]
[EventCountry "CAN"]

1. g3 c5 2. d3 g6 3. Bg2 Bg7 4. Nc3 e6 5. Bd2 Ne7 6. e4 O-O 7. Nh3 Nbc6 8. O-O Rb8 9. Qc1 b5 10. Bh6 b4 11. Ne2 d5 12. Bxg7 Kxg7 13. Qe3 Rb5 14. Nhf4 a5 15. exd5 exd5 16. Nxd5 Nxd5 17. Bxd5 Nd4 18. c4 bxc3 19. Nxc3 Rxb2 20. Rab1 Rc2 21. Rbc1 Rxc3 22. Rxc3 Qxd5 23. f3 Ne2+ 24. Qxe2 Qd4+ 25. Rf2 Qxc3 26. Kg2 Bf5 27. Qe7 Bxd3 28. h4 c4 29. Qc5 Re8 30. h5 Qe5 31. h6+ Kxh6 32. Qa3 Kg7 33. Rd2 c3 34. Rf2 c2 35. f4 Be4+ 36. Kg1 Qd4 37. f5 gxf5 38. g4 Rb8 39. Kh2 Qxf2+ 40. Kh3 Bg2+ 0-1

[Event "CAN-op"]
[Site "Edmonton CAN"]
[Date "2009.07.18"]
[Round "8.22"]
[White "Sohal, Tanraj"]
[Black "Gardner, Robert"]
[Result "1-0"]
[WhiteElo "2072"]
[BlackElo "2272"]
[PlyCount "73"]
[GameId "2160767910156263"]
[EventDate "2009.07.11"]
[EventType "swiss"]
[EventRounds "9"]
[EventCountry "CAN"]

1. d4 Nf6 2. c4 e6 3. Nc3 Bb4 4. Qc2 Nc6 5. Nf3 d6 6. Bd2 O-O 7. a3 Bxc3 8. Bxc3 Qe7 9. e4 e5 10. d5 Nb8 11. Nd2 Nh5 12. g3 f5 13. O-O-O fxe4 14. Nxe4 Bg4 15. Be2 Bxe2 16. Qxe2 Nf6 17. f4 Nxe4 18. Qxe4 Nd7 19. fxe5 dxe5 20. d6 cxd6 21. Qd5+ Rf7 22. Qxb7 Qg5+ 23. Kb1 Nb6 24. Qe4 Rc8 25. Rxd6 Nxc4 26. Rc6 Rxc6 27. Qxc6 Qf5+ 28. Ka2 Ne3 29. Re1 Rf6 30. Qe8+ Rf8 31. Qxe5 Qf7+ 32. b3 Ng4 33. Qe2 Qf2 34. Bb2 Nxh2 35. Qc4+ Kh8 36. Re7 Rg8 37. Qc7 1-0

[Event "CAN-op"]
[Site "Edmonton CAN"]
[Date "2009.07.18"]
[Round "8.23"]
[White "Gentes, Kevin"]
[Black "Tot, Nandor"]
[Result "1-0"]
[WhiteElo "2246"]
[BlackElo "1975"]
[PlyCount "73"]
[GameId "2160767910156264"]
[EventDate "2009.07.11"]
[EventType "swiss"]
[EventRounds "9"]
[EventCountry "CAN"]
[SourceTitle "hb 2009.08"]

1. Nf3 Nf6 2. g3 b6 3. Bg2 Bb7 4. O-O c5 5. c4 g6 6. Nc3 Bg7 7. d4 cxd4 8. Nxd4 Bxg2 9. Kxg2 O-O 10. e4 d6 11. b3 Qd7 12. Bb2 Nc6 13. Rc1 Rfe8 14. Nxc6 Qxc6 15. f3 Nd7 16. Qd2 Nc5 17. Rfd1 a5 18. Nd5 f6 19. Qe3 g5 20. a4 Kf7 21. Bd4 e6 22. Bxc5 exd5 23. cxd5 Qxc5 24. Rxc5 bxc5 25. f4 h6 26. e5 Rab8 27. e6+ Ke7 28. Qd3 Rb7 29. Qa6 Reb8 30. Qxa5 gxf4 31. gxf4 f5 32. Rd3 h5 33. Qe1 h4 34. Qxh4+ Bf6 35. Qh7+ Kf8 36. Qxf5 Rg7+ 37. Rg3 1-0

[Event "CAN-op"]
[Site "Edmonton CAN"]
[Date "2009.07.18"]
[Round "8.24"]
[White "Kalisvaart, Peter"]
[Black "Motuz, Vitaly"]
[Result "1-0"]
[WhiteElo "2255"]
[BlackElo "1905"]
[PlyCount "83"]
[GameId "2160767910156265"]
[EventDate "2009.07.11"]
[EventType "swiss"]
[EventRounds "9"]
[EventCountry "CAN"]

1. c4 Nf6 2. Nf3 g6 3. Nc3 Bg7 4. g3 c6 5. e4 d6 6. d4 O-O 7. Bg2 e5 8. O-O exd4 9. Nxd4 Na6 10. Nb3 Be6 11. Qe2 Qb6 12. Rb1 Qb4 13. Nd2 Nh5 14. Kh1 f5 15. a3 Qb6 16. Nd1 Rae8 17. f3 Qd8 18. b4 f4 19. g4 Ng3+ 20. hxg3 fxg3 21. Bh3 Qh4 22. Kg2 h5 23. Rh1 Qf6 24. Bb2 Qf7 25. Bxg7 Kxg7 26. gxh5 g5 27. h6+ Kh7 28. Bxe6 Qxe6 29. Ne3 Nc7 30. Kxg3 d5 31. cxd5 cxd5 32. exd5 Qe5+ 33. Kf2 Qf4 34. Qd3+ Kh8 35. Ng2 Qf6 36. Rbc1 Qb6+ 37. Rc5 Na6 38. Qd4+ Rf6 39. Rc4 Qxd4+ 40. Rxd4 Ref8 41. Ne3 Nb8 42. Ng4 1-0

[Event "CAN-op"]
[Site "Edmonton CAN"]
[Date "2009.07.18"]
[Round "8.25"]
[White "Yam, Alex"]
[Black "Davies, Lucas"]
[Result "1/2-1/2"]
[WhiteElo "2060"]
[BlackElo "2244"]
[PlyCount "46"]
[GameId "2160767910156266"]
[EventDate "2009.07.11"]
[EventType "swiss"]
[EventRounds "9"]
[EventCountry "CAN"]
[SourceTitle "hb 2009.08"]

1. e4 c6 2. d3 d5 3. Nd2 g6 4. Ngf3 Bg7 5. g3 Bg4 6. Bg2 Nd7 7. O-O e6 8. h3 Bxf3 9. Nxf3 Qc7 10. c3 Ne7 11. Be3 O-O 12. Qd2 Rad8 13. Bh6 dxe4 14. Bxg7 Kxg7 15. dxe4 Ne5 16. Qe2 Nxf3+ 17. Bxf3 c5 18. e5 Nc6 19. Rfe1 Rd7 20. Qe3 Ne7 21. Rad1 Rfd8 22. Rxd7 Rxd7 23. Rd1 Rxd1+ 1/2-1/2

[Event "CAN-op"]
[Site "Edmonton CAN"]
[Date "2009.07.18"]
[Round "8.27"]
[White "Davies, Noam"]
[Black "Rachar, Sean"]
[Result "1-0"]
[WhiteElo "2214"]
[BlackElo "1897"]
[PlyCount "71"]
[GameId "2160767910156267"]
[EventDate "2009.07.11"]
[EventType "swiss"]
[EventRounds "9"]
[EventCountry "CAN"]
[SourceTitle "hb 2009.08"]

1. e4 c5 2. Nf3 d6 3. d4 cxd4 4. Nxd4 Nf6 5. Nc3 Nc6 6. Bg5 e6 7. Be2 Be7 8. Qd3 O-O 9. f4 Nb4 10. Qd2 e5 11. Nf5 Bxf5 12. exf5 Qa5 13. O-O Rac8 14. Kh1 Nbd5 15. Bxf6 Nxf6 16. Rad1 Qb4 17. Rf3 e4 18. Re3 Kh8 19. g4 d5 20. Nxd5 Qxd2 21. Rxd2 Bc5 22. Rb3 Rfd8 23. c4 Nxd5 24. Rxd5 Rxd5 25. cxd5 Bb6 26. Rb4 Rc1+ 27. Kg2 Rg1+ 28. Kh3 Re1 29. Rxe4 g6 30. f6 h6 31. d6 Bd8 32. Re8+ Kh7 33. Rxd8 Rxe2 34. Rf8 g5 35. fxg5 hxg5 36. d7 1-0

[Event "CAN-op"]
[Site "Edmonton CAN"]
[Date "2009.07.18"]
[Round "8.28"]
[White "Araullo, Paolo"]
[Black "Sundar, Avinaash"]
[Result "0-1"]
[WhiteElo "2047"]
[BlackElo "2210"]
[PlyCount "68"]
[GameId "2160767910156268"]
[EventDate "2009.07.11"]
[EventType "swiss"]
[EventRounds "9"]
[EventCountry "CAN"]
[SourceTitle "hb 2009.08"]

1. e4 c5 2. d3 e6 3. g3 d5 4. e5 Nc6 5. Nf3 g6 6. Bg2 Bg7 7. Qe2 Nge7 8. c3 Qc7 9. Bf4 h6 10. h4 b6 11. O-O Ba6 12. Nbd2 Nf5 13. Rac1 Bf8 14. g4 Nxh4 15. Nxh4 g5 16. Bg3 gxh4 17. Bxh4 Be7 18. Bg3 O-O-O 19. a3 Rh7 20. b4 Rdh8 21. Rb1 Bb7 22. Bf3 Rg7 23. Kh2 Qd8 24. Nb3 Bh4 25. bxc5 h5 26. gxh5 Bxg3+ 27. fxg3 Qg5 28. Rg1 Nxe5 29. Rbf1 Nxf3+ 30. Qxf3 Rxh5+ 31. Kg2 Qe5 32. d4 Qe4 33. Nd2 Qg6 34. Kf2 Rf5 0-1

[Event "CAN-op"]
[Site "Edmonton CAN"]
[Date "2009.07.18"]
[Round "8.29"]
[White "Moura, Eduardo"]
[Black "Kong, Dezheng"]
[Result "1/2-1/2"]
[WhiteElo "2091"]
[BlackElo "1890"]
[PlyCount "31"]
[GameId "2160767910156269"]
[EventDate "2009.07.11"]
[EventType "swiss"]
[EventRounds "9"]
[EventCountry "CAN"]
[SourceTitle "hb 2009.08"]

1. e4 c5 2. Nf3 d6 3. c3 Nf6 4. Be2 e6 5. O-O Be7 6. Re1 O-O 7. Bf1 Nc6 8. d4 cxd4 9. cxd4 a6 10. a4 Re8 11. Nc3 d5 12. e5 Nd7 13. g3 Nf8 14. h4 Bd7 15. Rb1 Rc8 16. Be3 1/2-1/2

[Event "CAN-op"]
[Site "Edmonton CAN"]
[Date "2009.07.18"]
[Round "8.30"]
[White "Usselman, Paul"]
[Black "Doubleday, William"]
[Result "0-1"]
[WhiteElo "1886"]
[BlackElo "2198"]
[PlyCount "65"]
[GameId "2160767910156270"]
[EventDate "2009.07.11"]
[EventType "swiss"]
[EventRounds "9"]
[EventCountry "CAN"]
[SourceTitle "hb 2009.08"]

1. Nf3 d5 2. c4 e6 3. g3 Nf6 4. Bg2 c6 5. b3 Nbd7 6. Bb2 Bd6 7. Nc3 e5 8. cxd5 cxd5 9. e3 O-O 10. O-O Re8 11. Nb5 Bb8 12. d3 Nf8 13. Rc1 a6 14. Nc3 Ng6 15. Qe2 h5 16. Rfd1 h4 17. gxh4 Bg4 18. h3 Bh5 19. Qc2 Bxf3 20. Bxf3 Nxh4 21. Bh1 Qd7 22. Bg2 Qf5 23. Ne2 Qg5 24. Ng3 Nh5 25. Qe2 Nxg3 26. fxg3 Qxg3 27. e4 Ba7+ 28. Kh1 Be3 29. Rc2 Bf4 30. Bf1 Rec8 31. Rxc8+ Rxc8 32. exd5 Rd8 33. Bg2 0-1

[Event "CAN-op"]
[Site "Edmonton CAN"]
[Date "2009.07.18"]
[Round "8.31"]
[White "Dean, Tim"]
[Black "Kagramanov, Dina"]
[Result "0-1"]
[WhiteElo "1990"]
[BlackElo "2140"]
[PlyCount "82"]
[GameId "2160767910156271"]
[EventDate "2009.07.11"]
[EventType "swiss"]
[EventRounds "9"]
[EventCountry "CAN"]
[SourceTitle "hb 2009.08"]

1. e4 c5 2. Nf3 e6 3. b3 Nc6 4. Bb5 Qc7 5. Bb2 d6 6. O-O e5 7. Re1 Bg4 8. c3 Nge7 9. Na3 Ng6 10. h3 Bd7 11. Nc2 Be7 12. Ne3 a6 13. Bf1 O-O 14. d4 Nh4 15. Nd5 Nxf3+ 16. Qxf3 Qd8 17. dxc5 dxc5 18. Bd3 Bg5 19. Rad1 Be6 20. Bc2 Qa5 21. a4 Rac8 22. Qg3 Bh6 23. Rd3 Kh8 24. Red1 f5 25. b4 Qd8 26. Ne3 f4 27. Rxd8 fxg3 28. Rxc8 gxf2+ 29. Kf1 Bxc8 30. Nf5 Bg5 31. b5 axb5 32. axb5 Na5 33. Nd6 Be6 34. Bd3 Nb3 35. Nf5 g6 36. g4 gxf5 37. exf5 Nd2+ 38. Kxf2 e4 39. c4+ Kg8 40. Kg3 exd3 41. fxe6 Ne4+ 0-1

[Event "CAN-op"]
[Site "Edmonton CAN"]
[Date "2009.07.18"]
[Round "8.32"]
[White "Jablon, Stephen"]
[Black "Nguyen, Kim"]
[Result "1/2-1/2"]
[WhiteElo "1985"]
[BlackElo "2140"]
[PlyCount "58"]
[GameId "2160767910156272"]
[EventDate "2009.07.11"]
[EventType "swiss"]
[EventRounds "9"]
[EventCountry "CAN"]
[SourceTitle "hb 2009.08"]

1. d4 Nf6 2. c4 g6 3. Nc3 Bg7 4. e4 d6 5. f3 O-O 6. Bg5 Na6 7. Qd2 c6 8. O-O-O Nc7 9. Bh6 Qe8 10. h4 e5 11. d5 cxd5 12. cxd5 Bxh6 13. Qxh6 b5 14. h5 b4 15. Nb1 Ba6 16. Nh3 Rc8 17. Bxa6 Nxa6+ 18. Kd2 Qa4 19. Ng5 Qc2+ 20. Ke1 Qxg2 21. hxg6 fxg6 22. Nxh7 Qg3+ 23. Ke2 Qg2+ 24. Ke1 Qg3+ 25. Ke2 Nh5 26. Nxf8 Nf4+ 27. Ke3 Ng2+ 28. Ke2 Nf4+ 29. Ke3 Ng2+ 1/2-1/2

[Event "CAN-op"]
[Site "Edmonton CAN"]
[Date "2009.07.18"]
[Round "8.33"]
[White "Van Heirzeele, Daniel"]
[Black "Haley, Phil"]
[Result "1/2-1/2"]
[WhiteElo "2137"]
[BlackElo "1716"]
[PlyCount "53"]
[GameId "2160767910156273"]
[EventDate "2009.07.11"]
[EventType "swiss"]
[EventRounds "9"]
[EventCountry "CAN"]

1. d4 d5 2. c4 c6 3. Nf3 Nf6 4. Qb3 e6 5. g3 g6 6. Bg2 Bg7 7. O-O O-O 8. Nc3 Nbd7 9. Bf4 Re8 10. Rfd1 Qb6 11. c5 Qxb3 12. axb3 Nh5 13. Bd6 e5 14. Nxe5 Nxe5 15. dxe5 Bxe5 16. Bxe5 Rxe5 17. e4 d4 18. Rxd4 Re8 19. b4 Ng7 20. f4 Ne6 21. Rd2 Nd8 22. e5 Be6 23. Ne4 Kg7 24. Nf6 Rf8 25. g4 Bc4 26. Nd7 Re8 27. Nb6 1/2-1/2

[Event "CAN-op"]
[Site "Edmonton CAN"]
[Date "2009.07.18"]
[Round "8.34"]
[White "Monaghan, Jim"]
[Black "Gaciu, Vlad"]
[Result "1/2-1/2"]
[WhiteElo "2090"]
[BlackElo "1968"]
[PlyCount "115"]
[GameId "2160767910156274"]
[EventDate "2009.07.11"]
[EventType "swiss"]
[EventRounds "9"]
[EventCountry "CAN"]
[SourceTitle "hb 2009.08"]

1. e4 d6 2. d4 Nf6 3. Nc3 g6 4. Nf3 Bg7 5. h3 O-O 6. Be3 a6 7. a4 b6 8. e5 Ne8 9. Bc4 dxe5 10. dxe5 Qxd1+ 11. Rxd1 Bb7 12. Bd5 Bxd5 13. Nxd5 Nc6 14. Bf4 e6 15. Ne3 f6 16. exf6 Bxf6 17. Bh6 Rf7 18. Ng5 Re7 19. c3 Nd6 20. g4 Ne5 21. f4 Bxg5 22. fxe5 Bxh6 23. exd6 cxd6 24. Nc4 d5 25. Nxb6 Rb8 26. a5 Be3 27. Na4 Rf7 28. Rf1 Rbf8 29. Ke2 Rxf1 30. Rxf1 Rxf1 31. Kxf1 Kf7 32. Ke2 Bg1 33. c4 dxc4 34. Nb6 Bd4 35. Nxc4 e5 36. Kd3 Ke6 37. Ke4 h6 38. b4 Kf6 39. Nb6 Kg5 40. Nd5 Kh4 41. Nc7 Bc3 42. Nxa6 Kxh3 43. Kf3 e4+ 44. Kxe4 Kxg4 45. Kd5 h5 46. Nc7 h4 47. a6 h3 48. a7 h2 49. a8=Q h1=Q+ 50. Kc4 Qxa8 51. Nxa8 Bxb4 52. Kxb4 Kf3 53. Nc7 g5 54. Ne6 g4 55. Nd4+ Ke3 56. Kc3 Kf2 57. Kd2 g3 58. Ne2 1/2-1/2

[Event "CAN-op"]
[Site "Edmonton CAN"]
[Date "2009.07.18"]
[Round "8.35"]
[White "Kagramanov, Dalia"]
[Black "Pedersen, Rick"]
[Result "1/2-1/2"]
[WhiteElo "1941"]
[BlackElo "2089"]
[PlyCount "146"]
[GameId "2160767910156275"]
[EventDate "2009.07.11"]
[EventType "swiss"]
[EventRounds "9"]
[EventCountry "CAN"]
[SourceTitle "hb 2009.08"]

1. e4 d6 2. d4 g6 3. Nc3 Nf6 4. Be3 c6 5. f3 Qb6 6. Qc1 Bg7 7. Bd3 Nbd7 8. Nge2 Qa5 9. O-O c5 10. f4 Ng4 11. Rf3 Nxe3 12. Qxe3 cxd4 13. Nxd4 Qb6 14. Ndb5 Qxe3+ 15. Rxe3 O-O 16. Nd5 e6 17. Ndc7 Rb8 18. Re2 a6 19. Nxd6 Bd4+ 20. Kf1 Nc5 21. Rb1 Bd7 22. g3 Nxd3 23. cxd3 Bc6 24. Rc2 Rfd8 25. e5 Bf3 26. Rc4 Bb6 27. Rbc1 Kf8 28. b4 Ke7 29. a4 Be3 30. Rb1 f6 31. b5 fxe5 32. fxe5 Rf8 33. Ke1 axb5 34. Ncxb5 Bc6 35. Nd4 Bxd4 36. Rxd4 Rf3 37. Rf4 Re3+ 38. Kd2 Rxe5 39. Nc4 Rd5 40. Rbf1 Rf5 41. a5 Rbf8 42. Ke3 Bd5 43. Nb6 Bc6 44. d4 Rxf4 45. Rxf4 Rxf4 46. Kxf4 Kf6 47. g4 g5+ 48. Ke3 Bb5 49. Nc8 Bc6 50. Nd6 Ke7 51. Nc4 Kf6 52. Ne5 Ba4 53. Kf2 Be8 54. Kg3 h6 55. Kf3 Ba4 56. Ke3 Ke7 57. Kd3 Bb5+ 58. Kc3 Be8 59. Kb4 Kd6 60. Kc4 Ba4 61. Nf7+ Ke7 62. Kb4 Bc6 63. Ne5 Be4 64. Kc5 Bd5 65. Kb6 Kd6 66. Nd3 Kd7 67. Kc5 Ke7 68. Ne5 Be4 69. Kb6 Kd6 70. Nf7+ Ke7 71. Ne5 Kd6 72. Nf7+ Ke7 73. Ne5 Kd6 1/2-1/2

[Event "CAN-op"]
[Site "Edmonton CAN"]
[Date "2009.07.18"]
[Round "8.36"]
[White "Desjardins, Simon-Pierre"]
[Black "Gluckie, Jamin"]
[Result "1/2-1/2"]
[WhiteElo "1998"]
[BlackElo "2089"]
[PlyCount "104"]
[GameId "2160767910156276"]
[EventDate "2009.07.11"]
[EventType "swiss"]
[EventRounds "9"]
[EventCountry "CAN"]

1. d4 Nf6 2. c4 c5 3. d5 b5 4. e3 Bb7 5. Nc3 b4 6. Nce2 e6 7. dxe6 fxe6 8. Nf3 Be7 9. Ng3 O-O 10. Be2 d5 11. O-O Nc6 12. b3 d4 13. exd4 cxd4 14. Ng5 Qd7 15. Bf3 h6 16. N5e4 e5 17. Re1 Rae8 18. Nxf6+ Bxf6 19. Bd5+ Kh8 20. Qh5 Ne7 21. Bxb7 Qxb7 22. Ne4 Qc6 23. Bd2 Rb8 24. g4 Kg8 25. h4 Qe6 26. f3 Bxh4 27. Qxh4 Rxf3 28. Rf1 Qf7 29. Nd6 Qf8 30. Rxf3 Qxf3 31. Rf1 Qd3 32. Qf2 e4 33. Qf7+ Kh8 34. Bf4 Qe2 35. Qh5 Rf8 36. Qh3 Ng6 37. Nf5 Nxf4 38. Rxf4 d3 39. Qg2 Qe1+ 40. Rf1 d2 41. Qf2 Qxf2+ 42. Kxf2 g6 43. Ke2 gxf5 44. gxf5 Rd8 45. Rd1 Kg7 46. Ke3 Kf6 47. Kxe4 h5 48. Kf4 a5 49. Ke3 Re8+ 50. Kxd2 Kxf5 51. Re1 Rg8 52. Ke3 Re8+ 1/2-1/2

[Event "CAN-op"]
[Site "Edmonton CAN"]
[Date "2009.07.18"]
[Round "8.37"]
[White "Miller, Brian"]
[Black "Willis, Bradley"]
[Result "1/2-1/2"]
[WhiteElo "1889"]
[BlackElo "2072"]
[PlyCount "55"]
[GameId "2160767910156277"]
[EventDate "2009.07.11"]
[EventType "swiss"]
[EventRounds "9"]
[EventCountry "CAN"]
[SourceTitle "hb 2009.08"]

1. d4 Nf6 2. c4 g6 3. Nc3 d5 4. cxd5 Nxd5 5. Qa4+ Bd7 6. Qb3 Bc6 7. Nf3 a5 8. e3 a4 9. Qd1 Bg7 10. a3 Nd7 11. Bc4 N5b6 12. Ba2 Bxf3 13. Qxf3 O-O 14. O-O c5 15. dxc5 Nxc5 16. Rd1 Qe8 17. Bd2 Rc8 18. Rab1 e6 19. Ne4 Nxe4 20. Qxe4 Qc6 21. Qxc6 Rxc6 22. Bc3 Rfc8 23. Bxg7 Kxg7 24. Kf1 Kf6 25. Ke1 Ke7 26. Rd2 Rc1+ 27. Rxc1 Rxc1+ 28. Rd1 1/2-1/2

[Event "CAN-op"]
[Site "Edmonton CAN"]
[Date "2009.07.18"]
[Round "8.40"]
[White "Du, Jasmine"]
[Black "Zhang, David"]
[Result "0-1"]
[WhiteElo "1810"]
[BlackElo "1999"]
[PlyCount "84"]
[GameId "2160767910156280"]
[EventDate "2009.07.11"]
[EventType "swiss"]
[EventRounds "9"]
[EventCountry "CAN"]
[SourceTitle "hb 2009.08"]

1. d4 d5 2. c4 c6 3. e3 e6 4. Nf3 Nf6 5. Nc3 Nbd7 6. Bd3 dxc4 7. Bxc4 b5 8. Bd3 Bb7 9. O-O a6 10. b3 c5 11. Bb2 Be7 12. Rc1 O-O 13. Re1 Rc8 14. Qe2 Qa5 15. Red1 cxd4 16. Nxd4 Bb4 17. Nb1 Qxa2 18. Bc3 Qxe2 19. Bxe2 Bxc3 20. Nxc3 Rfd8 21. b4 Ne5 22. Nb3 Rxd1+ 23. Rxd1 Ned7 24. Rd3 g6 25. Nb1 Ne5 26. Rc3 Nd5 27. Rc5 Nd7 28. Rxc8+ Bxc8 29. Na5 Nxb4 30. Nc3 Nc5 31. Bf3 Kf8 32. Kf1 Ke7 33. Ke2 Kd6 34. Kd2 Kc7 35. Ne4 Nxe4+ 36. Bxe4 Kb6 37. Nb3 a5 38. Kc3 Nd5+ 39. Bxd5 exd5 40. Nd4 b4+ 41. Kb3 Bd7 42. f4 Kc5 0-1

[Event "CAN-op"]
[Site "Edmonton CAN"]
[Date "2009.07.18"]
[Round "8.41"]
[White "Deimert, Elroy"]
[Black "Fan, Brendan"]
[Result "0-1"]
[WhiteElo "1580"]
[BlackElo "1992"]
[PlyCount "44"]
[GameId "2160767910156281"]
[EventDate "2009.07.11"]
[EventType "swiss"]
[EventRounds "9"]
[EventCountry "CAN"]
[SourceTitle "hb 2009.08"]

1. e4 c5 2. d4 cxd4 3. c3 dxc3 4. Nxc3 Nc6 5. Nf3 d6 6. Bc4 a6 7. O-O Nf6 8. e5 dxe5 9. Qxd8+ Nxd8 10. Nxe5 Be6 11. Bf4 g6 12. Rfd1 Bg7 13. Rac1 Nh5 14. Nb5 axb5 15. Bxb5+ Kf8 16. Nd3 Nxf4 17. Nxf4 Bxb2 18. Nxe6+ Nxe6 19. Rc2 Bf6 20. Bd7 Nd4 21. Rxd4 Bxd4 22. a4 Kg7 0-1

[Event "CAN-op"]
[Site "Edmonton CAN"]
[Date "2009.07.18"]
[Round "8.42"]
[White "Huang, Richard"]
[Black "Boron, Anthony"]
[Result "1-0"]
[WhiteElo "1952"]
[BlackElo "1992"]
[PlyCount "73"]
[GameId "2160767910156282"]
[EventDate "2009.07.11"]
[EventType "swiss"]
[EventRounds "9"]
[EventCountry "CAN"]
[SourceTitle "hb 2009.08"]

1. d4 d5 2. c4 e5 3. dxe5 d4 4. Nf3 Nc6 5. g3 Nge7 6. Bg5 h6 7. Bxe7 Bxe7 8. Bg2 Be6 9. Nbd2 Qd7 10. a3 a5 11. Qa4 g5 12. Nb3 Nxe5 13. Qxd7+ Nxd7 14. Nfxd4 Bxc4 15. Bxb7 Ra7 16. Bc6 Ra6 17. Nd2 Rxc6 18. Nxc6 Bd5 19. Nxe7 Bxh1 20. Nf5 Bd5 21. Rc1 Kd8 22. Nd4 Nb6 23. Nc6+ Bxc6 24. Rxc6 Kd7 25. Rf6 Ke7 26. Rc6 Kd7 27. Rf6 Ke7 28. Rf5 Rd8 29. Re5+ Kf6 30. Rc5 Rd7 31. Ne4+ Ke6 32. Rxa5 Nc4 33. Rb5 Rd5 34. Nc5+ Kd6 35. Nd3 f6 36. Rb8 Kc6 37. Rh8 1-0

[Event "CAN-op"]
[Site "Edmonton CAN"]
[Date "2009.07.18"]
[Round "8.43"]
[White "Grumic, Sasha"]
[Black "De Jong, Walter"]
[Result "1-0"]
[WhiteElo "2174"]
[BlackElo "1812"]
[PlyCount "125"]
[GameId "2160767910156283"]
[EventDate "2009.07.11"]
[EventType "swiss"]
[EventRounds "9"]
[EventCountry "CAN"]
[SourceTitle "EXT 2022"]
[Source "ChessBase"]
[SourceDate "2021.10.06"]
[SourceVersion "1"]
[SourceVersionDate "2021.10.06"]
[SourceQuality "1"]

1. e4 e6 2. d4 d5 3. e5 c5 4. c3 Nc6 5. Nf3 Bd7 6. Be2 Nge7 7. O-O Ng6 8. Be3 Be7 9. g3 f6 10. h4 cxd4 11. cxd4 fxe5 12. h5 e4 13. Ne1 Nf8 14. Ng2 Qc7 15. Nc3 a6 16. Rc1 b5 17. Nf4 g5 18. Ng2 h6 19. Ne1 Bd6 20. a4 b4 21. Nb5 axb5 22. axb5 Qb7 23. bxc6 Bxc6 24. Ng2 Bb5 25. Bxb5+ Qxb5 26. Qg4 Qd7 27. Ra1 Rxa1 28. Rxa1 Qb7 29. Ne1 Rh7 30. f3 exf3 31. Nxf3 Qb8 32. Kg2 Rc7 33. Bxg5 Rg7 34. Re1 Kd7 35. Re5 Bxe5 36. Nxe5+ Ke8 37. Qf3 hxg5 38. h6 Qb7 39. hxg7 Qxg7 40. Qb3 Qb7 41. Qf3 Qg7 42. Qe2 Qh7 43. Qb5+ Nd7 44. Nxd7 Qxd7 45. Qxb4 Kf7 46. Qd2 Kf6 47. Qf2+ Kg6 48. Qe2 Kf6 49. b4 Qb7 50. b5 Qb6 51. Qb2 Kf5 52. Qb4 g4 53. Qb1+ Kg5 54. Qc1+ Kh5 55. Qh1+ Kg6 56. Qb1+ Kg5 57. Qb2 Kh5 58. Kf1 Kg5 59. Ke2 Qb8 60. Qd2+ Kh5 61. Qd3 Kg5 62. Qe3+ Kh5 63. Qe5+ 1-0

[Event "CAN-op"]
[Site "Edmonton CAN"]
[Date "2009.07.18"]
[Round "8.44"]
[White "Caughlin, Wade"]
[Black "Perron, Sean"]
[Result "1-0"]
[WhiteElo "1855"]
[BlackElo "2132"]
[PlyCount "63"]
[GameId "2160767910156284"]
[EventDate "2009.07.11"]
[EventType "swiss"]
[EventRounds "9"]
[EventCountry "CAN"]
[SourceTitle "hb 2009.08"]

1. e4 e6 2. d4 d5 3. e5 c5 4. c3 Nc6 5. Nf3 Qb6 6. a3 Nh6 7. b4 cxd4 8. cxd4 Nf5 9. Bb2 Be7 10. Be2 O-O 11. O-O Bd7 12. Kh1 Rac8 13. g4 Nh4 14. Nxh4 Bxh4 15. f4 Be7 16. Nc3 Na5 17. f5 Nc4 18. Bxc4 Rxc4 19. f6 Bd8 20. Ne2 gxf6 21. exf6 Kh8 22. Qd2 Rg8 23. Qh6 Qd6 24. Nf4 Qf8 25. Qh4 e5 26. Nh3 Rxg4 27. Qh5 Qg8 28. Rg1 Rc2 29. Ng5 Qxg5 30. Qxg5 Rxg5 31. Rxg5 Rxb2 32. Rag1 1-0

[Event "CAN-op"]
[Site "Edmonton CAN"]
[Date "2009.07.18"]
[Round "8.46"]
[White "MacFie, Bob"]
[Black "Gorelik, Lev"]
[Result "0-1"]
[WhiteElo "1768"]
[BlackElo "2079"]
[PlyCount "58"]
[GameId "2160767910156285"]
[EventDate "2009.07.11"]
[EventType "swiss"]
[EventRounds "9"]
[EventCountry "CAN"]
[SourceTitle "hb 2009.08"]

1. e3 Nf6 2. Nc3 d5 3. d4 c6 4. Bd3 Bg4 5. f3 Bh5 6. Nh3 e6 7. Bd2 Bd6 8. Ne2 Bg6 9. Nhf4 Bxd3 10. cxd3 Nbd7 11. Qb3 Qb8 12. h4 O-O 13. e4 dxe4 14. dxe4 e5 15. dxe5 Bxe5 16. O-O-O a5 17. Qe3 b5 18. Nd3 Bc7 19. g4 c5 20. Ndf4 Ne5 21. Qg1 Nxf3 22. g5 Nxg1 23. gxf6 Nxe2+ 24. Nxe2 g6 25. h5 Be5 26. Rdf1 Ra6 27. Bg5 Bxb2+ 28. Kb1 Qe5 29. hxg6 fxg6 0-1

[Event "CAN-op"]
[Site "Edmonton CAN"]
[Date "2009.07.18"]
[Round "8.47"]
[White "Oussedik, Elias"]
[Black "Caron, Harvey"]
[Result "1-0"]
[WhiteElo "2052"]
[BlackElo "1784"]
[PlyCount "63"]
[GameId "2160767910156286"]
[EventDate "2009.07.11"]
[EventType "swiss"]
[EventRounds "9"]
[EventCountry "CAN"]
[SourceTitle "hb 2009.08"]

1. e4 c5 2. Nf3 d6 3. d4 cxd4 4. Nxd4 Nf6 5. Nc3 a6 6. Be2 e5 7. Nb3 Be6 8. O-O b5 9. Be3 b4 10. Nd5 Bxd5 11. exd5 Nbd7 12. a3 bxa3 13. Rxa3 Qc8 14. Na5 g6 15. Nc6 Bg7 16. f4 Qb7 17. fxe5 dxe5 18. c4 O-O 19. Rb3 Qc7 20. Ne7+ Kh8 21. d6 Qa5 22. Qc2 Nc5 23. Ra3 Qb4 24. Rxf6 Bxf6 25. Nd5 Qe1+ 26. Bf1 Nd7 27. Bf2 Qxf2+ 28. Qxf2 Bg7 29. c5 Rab8 30. c6 Nc5 31. Qxc5 Rxb2 32. c7 1-0